Decisiones cancellarii et sacri regii senatus Cathaloniae, sive, Praxis contentionum et compentiarum regnorum inclytae coronae Aragonum super reciproca in laïcos & clericos jurisdictione / Don Michaelis de Cortiada regiam cancellariam regentis in regia audientia Cathaloniae

Detalles Bibliográficos
Autor principal: Cortiada, Miguel de, fl. 1660
Autor Corporativo: Cataluña. Cortes y Senado
Otros Autores: Anisson, Jean, 1642-1721, ed, Anisson, Jacques, 1643 ?-1714, ed, Anisson, Laurent, 1600-1672, ed, Posuel, Jean, 1644 ?-1725 ?, ed
Formato: Libro
Lenguaje:Latin
Publicado: Lugduni : sumptibus Anisson, & Posuel, 1699-1714.
Edición:Editio correctior; in qua posteriora tria decisionum volumina Barcinone aut Gerundae nuper edita, in duos tomos distribuuntur, & tres earum indices in unum reducuntur ad majorem studiosorum commoditatem
Materias:
Colección:Banco de datos
Acervo:Universidad Autónoma Benito Juárez de Oaxaca. Biblioteca Francisco de Burgoa. Colección antigua
Descripción Física:4 t. ; f°
Tema general:Derecho civil
Notas:Portada tipográfica a dos tintas con marca del impresor y pleca en grabado xilográfico. Título de la anteportada: Don Michaelis de Cortiada decisiones Cathaloniae, in quatuor tomos distributae. Texto a dos columnas con paginación en números arábigos, reclamos y signaturas. Incluyen cabeceras de título con motivos florales en grabado xilográfico. Incluyen capitulares con motivos florales en grabado xilográfico. Cada tomo con portada y numeración propias. Año de los t. 1-3 publicados en 1699. Paginación: t. 1 [6] h., 474 p.; t. 2 [4] h., 368 p., [50] h.; t. 3 [4] h., 577 p. Encuadernación en pergamino sobre cartón (10222-10224). Marca de fuego: Casa del Noviciado de la Compañía de Jesús de Oaxaca, Oax. (10222-10224). Marca de fuego: Convento de Santo Domingo (10222-10224). Marca de fuego: Convento de San Pablo de Soriano de Oaxaca, Oax. (10222-10224). Daños por humedad (10223)
LEADER 02526nam a22002770004500
035 |a 3630 
041 0 |a lat 
100 1 |a Cortiada, Miguel de, fl. 1660 
110 1 |a Cataluña. Cortes y Senado 
245 1 0 |a Decisiones cancellarii et sacri regii senatus Cathaloniae, sive, Praxis contentionum et compentiarum regnorum inclytae coronae Aragonum super reciproca in laïcos & clericos jurisdictione / Don Michaelis de Cortiada regiam cancellariam regentis in regia audientia Cathaloniae  
250 |a Editio correctior; in qua posteriora tria decisionum volumina Barcinone aut Gerundae nuper edita, in duos tomos distribuuntur, & tres earum indices in unum reducuntur ad majorem studiosorum commoditatem 
260 |a Lugduni : sumptibus Anisson, & Posuel, 1699-1714. 
300 |a 4 t. ; f° 
500 |a Portada tipográfica a dos tintas con marca del impresor y pleca en grabado xilográfico. Título de la anteportada: Don Michaelis de Cortiada decisiones Cathaloniae, in quatuor tomos distributae. Texto a dos columnas con paginación en números arábigos, reclamos y signaturas. Incluyen cabeceras de título con motivos florales en grabado xilográfico. Incluyen capitulares con motivos florales en grabado xilográfico. Cada tomo con portada y numeración propias. Año de los t. 1-3 publicados en 1699. Paginación: t. 1 [6] h., 474 p.; t. 2 [4] h., 368 p., [50] h.; t. 3 [4] h., 577 p. Encuadernación en pergamino sobre cartón (10222-10224). Marca de fuego: Casa del Noviciado de la Compañía de Jesús de Oaxaca, Oax. (10222-10224). Marca de fuego: Convento de Santo Domingo (10222-10224). Marca de fuego: Convento de San Pablo de Soriano de Oaxaca, Oax. (10222-10224). Daños por humedad (10223)  
504 |a Al principio de los t. 1-3 está el índice de contenido 
504 |a Al final del t. 2 está el índice de materias y cosas 
650 1 0 |a Derecho civil 
700 1 |a Anisson, Jean, 1642-1721, ed. 
700 1 |a Anisson, Jacques, 1643 ?-1714, ed. 
700 1 |a Anisson, Laurent, 1600-1672, ed. 
700 1 |a Posuel, Jean, 1644 ?-1725 ?, ed. 
740 0 |a Praxis contentionum et competentiarum regnorum inclytae coronae Aragonum super reciproca in laïcos &c clericos Jurisdictione  
852 |a Universidad Autónoma "Benito Juárez" de Oaxaca, Biblioteca Francisco de Burgoa, Colección antigua t. 1 (10222); t. 2 (10223); t. 3 (10224) 
942 |c BURANT 
943 |g Universidad Autónoma Benito Juárez de Oaxaca. Biblioteca Francisco de Burgoa. Colección antigua 
999 |c 1114641  |d 1114641